00780nam a22002657a 450000500170000000800410001701000150005802000260007303500130009903700150011204000180012708200120014510000030015711000030016024501010016326000470026427000650031130000290037650000510040565000030045665000030045965000030046270000230046570000260048820110524121324.0110524t xxu||||| |||| 00| 0 eng d aENG-102505 a9788184502725c990.00 aEN-86038 bDBAD / PUB adplbEnglish  a338.954   aEconomic philosophy of Jawaharlal Nehru /cedited by Anil Kumar Thakur [and] Debes Mukhopadhayay aNew Delhi bDeep & Deep Publicationsc2010 aF-159, Rajouri GardenbNew Delhi e110027k25435369,25440916 axxxii, 262 p.c22cm (Hb) aIncludes bibliographical references and index    aThakur, Anil Kumar aMukhopadhayay , Debes